| 000 | 00485nam a22001817a 4500 | ||
|---|---|---|---|
| 003 | KOHA_MİRAKIL | ||
| 005 | 20251218091318.0 | ||
| 008 | 251218b tu ||||| |||| 00| 0 tur d | ||
| 020 | _a9786051367569 | ||
| 040 |
_aTR-AnABB _btur _cTR-AnABB |
||
| 041 | _atur | ||
| 082 | _a958.7 | ||
| 245 | 1 | 0 | _aTarihselden modern Özbekistan / |
| 260 |
_aAnkara : _bAnkara Üniversite Yayınları, _c2024 |
||
| 300 |
_a487 sayfa ; _c26 cm |
||
| 650 | 0 | 4 | _aTarih,Özbekistan |
| 942 |
_2ddc _cBK |
||
| 999 |
_c9742 _d9742 |
||
| 900 | _bGizem YORULMAZ | ||